[Event "Top 16 Groupe B"]
[Site "Chartres, France"]
[Date "2024.06.02"]
[Round "4.20"]
[White "Pranesh M"]
[Black "Kamsky, Gata"]
[Result "1/2-1/2"]
[WhiteElo "2535"]
[BlackElo "2614"]
[PlyCount "128"]
[EventDate "2024.??.??"]

1. e4 {2} c5 {31} 2. Nf3 {6} Nc6 {5} 3. d4 {4} cxd4 {6} 4. Nxd4 {3} Qb6 {7} 5.
Nb3 {4} Nf6 {7} 6. Nc3 {4} e6 {6} 7. a3 {4} d6 {403} 8. Bf4 {208} Ne5 {924} 9.
Be3 {247} Qc7 {35} 10. f4 {46} Nc6 {158} 11. g4 {123} h6 {192} 12. Qe2 {244} a6
{57} 13. Bg2 {139} b5 {97} 14. O-O {261} Bb7 {267} 15. h3 {416} Be7 {52} 16.
Rad1 {216} Rc8 {140} 17. Bf3 {618} Nd7 {304} 18. Qf2 {173} Na5 {927} 19. Nxa5 {
349} Qxa5 {6} 20. Kh1 {399} Qc7 {114} 21. Bg2 {150} Qb8 {296} 22. Bd4 {463} O-O
{34} 23. Qg3 {26} e5 {239} 24. Be3 {109} exf4 {184} 25. Bxf4 {18} Ne5 {5} 26.
Rf2 {469} Rfe8 {219} 27. h4 {129} Rc5 {533} 28. g5 {69} hxg5 {59} 29. hxg5 {9}
Qc8 {294} 30. Rdf1 {145} Rf8 {120} 31. Bh3 {152} Qa8 {22} 32. Bf5 {128} Rxc3 {
329} 33. Qxc3 {54} Bxe4+ {9} 34. Bxe4 {6} Qxe4+ {3} 35. Kg1 {15} Bd8 {9} 36.
Rg2 {129} Bb6+ {22} 37. Kh1 {64} Bd4 {21} 38. Qb3 {118} Ng6 {10} 39. Qd3 {68}
d5 {131} 40. Qxe4 {101} dxe4 {4} 41. c3 {8} Bb6 {207} 42. Re2 {181} f5 {60} 43.
gxf6 {214} Rxf6 {5} 44. Rxe4 {5} Bc7 {5} 45. Bxc7 {28} Rxf1+ {4} 46. Kg2 {15}
Rb1 {112} 47. Re2 {90} Kf7 {6} 48. Kf3 {26} Rd1 {162} 49. Bb6 {109} Ne7 {56}
50. Rf2 {358} Ke6 {284} 51. Re2+ {47} Kd7 {63} 52. Rg2 {138} g6 {126} 53. Bc5 {
95} Nc6 {107} 54. Rxg6 {117} Ne5+ {6} 55. Ke2 {4} Nxg6 {5} 56. Kxd1 {3} Kc6 {5}
57. Bd4 {10} Kd5 {41} 58. Kc2 {4} Ne7 {13} 59. Kd3 {6} Nc6 {4} 60. b3 {6} Na5 {
7} 61. Kc2 {4} Nc6 {7} 62. Bf6 {3} Na5 {16} 63. Kb2 {6} Nc6 {5} 64. Kc2 {35}
Na5 {6} 1/2-1/2

[Event "Top 16 Groupe B"]
[Site "Chartres, France"]
[Date "2024.06.02"]
[Round "4.21"]
[White "Lagarde, Maxime"]
[Black "Makkar, Rajat"]
[Result "1/2-1/2"]
[WhiteElo "2622"]
[BlackElo "2453"]
[PlyCount "58"]
[EventDate "2024.??.??"]

1. Nf3 {83} d5 {52} 2. g3 {8} Nf6 {19} 3. Bg2 {5} e6 {6} 4. O-O {22} Be7 {4} 5.
d3 {63} O-O {34} 6. Nbd2 {8} a5 {15} 7. e4 {725} a4 {16} 8. a3 {65} c5 {21} 9.
Re1 {324} Nc6 {11} 10. e5 {122} Nd7 {14} 11. Nf1 {40} Ra6 {4} 12. h4 {200} f6 {
31} 13. exf6 {16} Nxf6 {6} 14. N1h2 {53} Bd6 {337} 15. c4 {197} h6 {1929} 16.
Be3 {259} b6 {154} 17. d4 {705} cxd4 {588} 18. Nxd4 {171} Nxd4 {9} 19. Bxd4 {
281} dxc4 {66} 20. Bxf6 {120} Rxf6 {172} 21. Ng4 {11} Rf8 {84} 22. Qc2 {59} h5
{95} 23. Ne5 {265} Qc7 {605} 24. f4 {134} Ra5 {149} 25. Nf3 {174} e5 {271} 26.
fxe5 {70} Bxe5 {39} 27. Nxe5 {13} Rxe5 {6} 28. Rxe5 {5} Qxe5 {7} 29. Qxc4+ {7}
Be6 {119} 1/2-1/2

[Event "Top 16 Groupe B"]
[Site "Chartres, France"]
[Date "2024.06.02"]
[Round "4.22"]
[White "Defromont, Benjamin"]
[Black "Razafindratsima, Timothe"]
[Result "0-1"]
[WhiteElo "2393"]
[BlackElo "2445"]
[PlyCount "142"]
[EventDate "2024.??.??"]

1. e4 {3} c5 {15} 2. Nf3 {8} e6 {57} 3. d4 cxd4 {13} 4. Nxd4 {5} Nf6 {10} 5.
Nc3 {4} Nc6 {6} 6. Ndb5 {42} Bc5 {107} 7. Nd6+ {50} Ke7 {26} 8. Bf4 {5} e5 {413
} 9. Nf5+ {10} Kf8 {12} 10. Bg5 {7} d6 {531} 11. Ne3 {46} Be6 {588} 12. Qd2 {33
} h6 {883} 13. Bxf6 {10} Qxf6 {2} 14. Ncd5 {12} Qd8 {46} 15. Bc4 {101} Rc8 {505
} 16. Bb3 {47} Qh4 {227} 17. c3 {518} g6 {168} 18. Bc2 {355} a5 {69} 19. O-O {
715} Qg5 {400} 20. Qe2 {663} Kg7 {558} 21. Kh1 {516} h5 {117} 22. Rad1 {274} h4
{408} 23. a3 {232} Rhd8 {129} 24. Rd2 {1167} Rb8 {403} 25. Qd1 {449} Ne7 {174}
26. b4 {181} axb4 {4} 27. axb4 {5} Bxe3 {171} 28. Nxe3 {15} h3 {55} 29. g3 {38}
Qf6 {3} 30. Kg1 {502} Rbc8 {65} 31. Rd3 {70} b5 {82} 32. f3 {46} Bc4 {74} 33.
Nxc4 {16} bxc4 {1} 34. Rd2 {37} Qe6 {116} 35. Qe1 {98} d5 {20} 36. exd5 Nxd5 {2
} 37. Re2 {12} Re8 {42} 38. f4 {14} Qb6+ {75} 39. Rff2 {31} Nf6 {24} 40. fxe5 {
197} Ng4 {16} 41. Re4 {21} Nxf2 {316} 42. Qxf2 {68} Qxf2+ {87} 43. Kxf2 {13}
Ra8 {40} 44. Bd1 {362} Ra1 {330} 45. Bg4 {80} Rc1 {333} 46. Bxh3 {796} Rh8 {244
} 47. Bf1 {170} Rxh2+ {215} 48. Kg1 {3} Rhc2 {469} 49. Rxc4 {176} Rxc3 {68} 50.
Rxc3 {14} Rxc3 {2} 51. Kf2 {9} Kf8 {46} 52. b5 {73} Ke7 {39} 53. Bg2 {98} Rb3 {
34} 54. Bc6 {11} Ke6 {31} 55. Be8 {34} Rd3 {21} 56. Kg2 {127} Rd5 {36} 57. Bc6
{25} Rd2+ {15} 58. Kh3 {63} Kxe5 {33} 59. b6 Rb2 {23} 60. b7 {2} f5 {25} 61.
Bf3 {191} g5 {30} 62. Bg2 {60} g4+ {50} 63. Kh2 {23} f4 {31} 64. gxf4+ {11}
Kxf4 {4} 65. Kg1 {27} Kg3 {34} 66. Be4 {5} Rb6 {32} 67. Kf1 {12} Kh2 {24} 68.
Ke2 {173} g3 {15} 69. Kf1 {4} Rb2 {23} 70. Bf3 {28} Rb1+ {11} 71. Ke2 {4} g2 {6
} 0-1

[Event "Top 16 Groupe B"]
[Site "Chartres, France"]
[Date "2024.06.02"]
[Round "4.23"]
[White "Guliyev, Namig"]
[Black "Bressac, Stephane"]
[Result "0-1"]
[WhiteElo "2483"]
[BlackElo "2277"]
[PlyCount "92"]
[EventDate "2024.??.??"]

1. e4 {18} c5 {17} 2. Nf3 {7} Nc6 {44} 3. d4 {196} cxd4 {8} 4. Nxd4 {5} g6 {25}
5. Nc3 {81} Bg7 {65} 6. Be3 {132} Nf6 {23} 7. Bc4 {6} O-O {19} 8. Bb3 {38} d6 {
15} 9. h3 {52} Na5 {36} 10. O-O {36} b6 {21} 11. f4 {321} Nxb3 {193} 12. axb3 {
7} Bb7 {17} 13. Qd3 {52} a6 {242} 14. Rae1 {527} b5 {246} 15. e5 {219} dxe5 {97
} 16. fxe5 {9} Nd5 {41} 17. Bg5 {14} Nxc3 {144} 18. bxc3 {163} Qd5 {28} 19. Qg3
{205} f6 {578} 20. Bf4 {179} Rac8 {439} 21. Rf3 {238} b4 {836} 22. exf6 {398}
Bxf6 {313} 23. Ne6 {479} Bxc3 {219} 24. Nxf8 {272} Bxe1 {89} 25. Qxe1 {108}
Rxf8 {99} 26. Qxb4 {166} a5 {374} 27. Qxe7 {427} Rxf4 {78} 28. Qe8+ {141} Kg7 {
12} 29. Qe7+ {7} Kh6 {141} 30. Qxb7 {73} Qxb7 {52} 31. Rxf4 {62} Qb6+ {44} 32.
Kh1 {96} Qe3 {67} 33. Rh4+ {28} Kg7 {42} 34. Rc4 {15} Kf6 {26} 35. h4 {42} Ke5
{177} 36. Kh2 {21} Kd5 {27} 37. Ra4 {27} Qc3 {77} 38. Kh1 {27} Kc5 {20} 39. Kh2
{47} Kb5 {9} 40. Ra2 {5} Qe5+ {112} 41. Kh3 {25} Qf5+ {61} 42. Kh2 {37} Qf4+ {6
} 43. Kh3 {10} h5 {41} 44. c4+ {15} Kb4 {13} 45. g3 {19} Qf5+ {39} 46. Kh2 {6}
Kxb3 {9} 0-1

[Event "Top 16 Groupe B"]
[Site "Chartres, France"]
[Date "2024.06.02"]
[Round "4.24"]
[White "Bensdorp-De Labaca, Marlies"]
[Black "Schippke, Manon"]
[Result "1-0"]
[WhiteElo "2229"]
[BlackElo "2190"]
[PlyCount "57"]
[EventDate "2024.??.??"]

1. d4 {2} d5 {17} 2. c4 {5} e6 {23} 3. Nc3 {5} Nf6 {34} 4. cxd5 {6} exd5 {5} 5.
Bg5 {4} c6 {179} 6. e3 {13} Be7 {247} 7. Qc2 {39} O-O {225} 8. Bd3 {22} h6 {44}
9. Bh4 {120} Re8 {85} 10. Nge2 {237} Ne4 {503} 11. Bxe7 {7} Qxe7 {6} 12. Bxe4 {
241} dxe4 {126} 13. Ng3 {5} f5 {40} 14. O-O {13} Be6 {384} 15. f3 {135} Na6 {
1023} 16. fxe4 {288} Nb4 {35} 17. Qe2 {725} fxe4 {186} 18. Rf4 {595} Bd5 {698}
19. Nf5 {382} Qg5 {300} 20. Nxg7 {832} Qxg7 {17} 21. Rg4 {4} Re7 {6} 22. Rxg7+
{42} Rxg7 {2} 23. a3 {14} Nd3 {75} 24. Nxd5 {225} cxd5 {2} 25. Qh5 {12} Rd8 {16
} 26. Qxh6 {40} Nxb2 {60} 27. Qe6+ {22} Kh8 {69} 28. Qh6+ {15} Kg8 {5} 29. Rf1
{2} 1-0

[Event "Top 16 Groupe B"]
[Site "Chartres, France"]
[Date "2024.06.02"]
[Round "4.25"]
[White "Niemann, Hans Moke"]
[Black "Nihal Sarin"]
[Result "1/2-1/2"]
[WhiteElo "2688"]
[BlackElo "2680"]
[PlyCount "77"]
[EventDate "2024.??.??"]

1. e4 {6} e5 {78} 2. Nf3 {14} Nf6 {7} 3. Nxe5 {71} d6 {7} 4. Nf3 {14} Nxe4 {11}
5. d4 {183} d5 {17} 6. Bd3 {11} Bf5 {8} 7. O-O {31} Be7 {6} 8. Re1 {99} O-O {7}
9. Nbd2 {313} Nd6 {75} 10. Nf1 {70} c6 {16} 11. Bf4 {18} Bxd3 {11} 12. Qxd3 {9}
Na6 {19} 13. g3 {350} Nc7 {126} 14. h4 {146} Ne6 {1364} 15. Bxd6 {11} Bxd6 {4}
16. Re2 {323} Qf6 {140} 17. a4 {224} Qg6 {264} 18. Qxg6 {41} hxg6 {46} 19. a5 {
72} Rfe8 {8} 20. c3 {110} f6 {61} 21. Ne3 {253} a6 {148} 22. Kf1 {189} Kf7 {60}
23. Ke1 {84} Rad8 {221} 24. Kd2 {25} Bc7 {45} 25. Nc2 {54} Re7 {254} 26. Nb4 {
115} Rde8 {302} 27. Nd3 {22} Bd6 {6} 28. b3 {142} Bb8 {642} 29. Re3 {189} Bd6 {
522} 30. c4 {357} Nc7 {42} 31. c5 {421} Rxe3 {96} 32. fxe3 {6} Be7 {171} 33.
Rf1 {54} Kg8 {23} 34. Nf4 {25} Kh7 {35} 35. b4 {1372} Bd8 {45} 36. g4 {151} Ne6
{134} 37. Nd3 {29} Bc7 {84} 38. Re1 {102} Kg8 {212} 39. Rf1 {11} 1/2-1/2

[Event "Top 16 Groupe B"]
[Site "Chartres, France"]
[Date "2024.06.02"]
[Round "4.26"]
[White "Navara, David"]
[Black "Tabatabaei, M. Amin"]
[Result "0-1"]
[WhiteElo "2678"]
[BlackElo "2707"]
[PlyCount "136"]
[EventDate "2024.??.??"]

1. e4 e6 {34} 2. d4 {5} d5 {5} 3. Nc3 {56} Nf6 {8} 4. e5 {6} Nfd7 {5} 5. f4 {5}
c5 {5} 6. Nf3 {6} Nc6 {5} 7. Be3 {11} a6 {6} 8. Ne2 {78} Qb6 {10} 9. Qc1 {9}
Be7 {39} 10. c3 {41} O-O {23} 11. h4 {63} f6 {16} 12. h5 {174} h6 {21} 13. Rh3
{41} a5 {55} 14. Qc2 {377} a4 {127} 15. a3 {394} Na5 {745} 16. Nh4 {1157} Rf7 {
429} 17. Ng6 {39} Bd8 {91} 18. dxc5 {377} Nxc5 {116} 19. Bxc5 {27} Qxc5 {6} 20.
Qxa4 {18} Bd7 {63} 21. Qc2 {521} Nc6 {383} 22. O-O-O {245} fxe5 {125} 23. fxe5
{53} Rf2 {512} 24. Kb1 {318} Bc7 {178} 25. Rf3 {269} Nxe5 {1044} 26. Rxf2 {99}
Qxf2 {3} 27. Nef4 {92} Qxc2+ {397} 28. Kxc2 {35} Ra4 {905} 29. Be2 {593} Re4 {
30} 30. Rf1 {382} Bd6 {596} 31. Kd2 {205} Nc4+ {65} 32. Bxc4 {8} dxc4 {30} 33.
g3 {107} Bc6 {83} 34. Rf3 {234} Kf7 {97} 35. Ne2+ {329} Ke8 {3} 36. Re3 {6}
Rxe3 {45} 37. Kxe3 {3} e5 {29} 38. g4 {5} Kf7 {10} 39. Ng3 {29} Bc5+ {5} 40.
Ke2 {12} Kf6 {17} 41. Nf1 {257} Bd7 {617} 42. Kf3 {29} Bc6+ {263} 43. Ke2 {35}
Bd6 {109} 44. Ne3 {694} b5 {167} 45. Nf5 {252} Bc5 {22} 46. Ngh4 {38} Kg5 {248}
47. Ng6 {20} Kf6 {155} 48. Ngh4 {5} Bd7 {147} 49. Kf3 {185} Kg5 {39} 50. Kg3 {
190} e4 {48} 51. Kh3 {76} Bf2 {94} 52. Ng6 {25} Bxf5 {27} 53. gxf5 {7} Kxf5 {13
} 54. Ne7+ {10} Ke6 {43} 55. Nc6 {33} Bc5 {277} 56. Kg4 {11} Kd5 {8} 57. Nd8 {
55} Be7 {13} 58. Nf7 {22} Ke6 {20} 59. Nh8 {7} Bg5 {5} 60. Ng6 {14} Bc1 {55}
61. Nf4+ {59} Bxf4 {111} 62. Kxf4 {6} Kd5 {2} 63. Kg3 {8} Ke5 {2} 64. Kg4 {5}
g5 {14} 65. hxg6 {7} Kf6 {1} 66. Kf4 {16} h5 {21} 67. Kxe4 {5} Kxg6 {3} 68. Kf4
{18} Kf6 {3} 0-1

[Event "Top 16 Groupe B"]
[Site "Chartres, France"]
[Date "2024.06.02"]
[Round "4.27"]
[White "Van Foreest, Lucas"]
[Black "Narayanan S L"]
[Result "1-0"]
[WhiteElo "2505"]
[BlackElo "2695"]
[PlyCount "81"]
[EventDate "2024.??.??"]

1. d4 {8} Nf6 {6} 2. c4 {33} g6 {7} 3. Nc3 {6} Bg7 {4} 4. e4 {4} d6 {4} 5. Nf3
{4} O-O {6} 6. Be2 {3} Na6 {9} 7. O-O {9} e5 {4} 8. Be3 {19} Qe7 {32} 9. Nd5 {
34} Qd8 {54} 10. Nc3 {8} Qe7 {5} 11. Nd5 {4} Nxd5 {4} 12. cxd5 {38} exd4 {6}
13. Bxd4 {10} Qxe4 {38} 14. Bxg7 {101} Kxg7 {6} 15. Rc1 {7} Nc5 {265} 16. Rc4 {
21} Qe7 {429} 17. b4 {17} Nd7 {152} 18. Rxc7 {10} a5 {73} 19. a3 {4} axb4 {110}
20. axb4 {12} Qd8 {405} 21. Qd4+ {413} Nf6 {76} 22. Rfc1 {117} Kg8 {1037} 23.
Rxc8 {241} Rxc8 {15} 24. Rxc8 {15} Qxc8 {4} 25. Qxf6 {3} Re8 {241} 26. Bf1 {148
} Qd8 {6} 27. Qf4 {19} Kg7 {9} 28. h4 {284} Qf6 {7} 29. Qd2 {48} Re4 {48} 30.
b5 {898} h6 {5} 31. Qd3 {167} Rb4 {118} 32. g3 {61} Qb2 {37} 33. h5 {431} g5 {
19} 34. Qe3 {66} Qf6 {166} 35. Kg2 {195} Ra4 {198} 36. Be2 {63} Ra2 {271} 37.
Qe4 {209} Kf8 {59} 38. Qc4 {71} Rb2 {443} 39. Nd4 {81} Rd2 {68} 40. Nf3 {1045}
Rb2 {4} 41. Bd3 {50} 1-0

[Event "Top 16 Groupe B"]
[Site "Chartres, France"]
[Date "2024.06.02"]
[Round "4.28"]
[White "Edouard, Romain"]
[Black "Vlachos, Anatole"]
[Result "1-0"]
[WhiteElo "2528"]
[BlackElo "2470"]
[PlyCount "73"]
[EventDate "2024.??.??"]

1. c4 {2} c6 {65} 2. e4 {118} d5 {4} 3. exd5 {6} cxd5 {4} 4. cxd5 {5} Nf6 {4}
5. Nc3 {5} Nxd5 {27} 6. Nf3 {5} Nc6 {7} 7. Bb5 {22} g6 {7} 8. Qa4 {74} Qd6 {5}
9. O-O {103} Bg7 {128} 10. Qh4 {122} O-O {1078} 11. d4 {99} Nxc3 {107} 12. bxc3
{277} h5 {106} 13. Re1 {1729} Bf6 {567} 14. Bg5 {51} Bf5 {215} 15. Rad1 {342}
a6 {370} 16. Bd3 {724} Bg4 {464} 17. Be4 {25} Rac8 {359} 18. Rd3 {156} Kg7 {269
} 19. h3 {195} Bxf3 {7} 20. Rxf3 {8} Na5 {347} 21. Bc2 {796} Rc7 {289} 22. Re4
{138} Nc4 {391} 23. Ref4 {119} Bxg5 {9} 24. Qxg5 {3} Rcc8 {175} 25. Re4 {369}
Rce8 {274} 26. d5 {68} f6 {187} 27. Rxe7+ {114} Rxe7 {1} 28. Qxg6+ {6} Kh8 {5}
29. Qxh5+ {132} Kg8 {4} 30. Rg3+ {6} Qxg3 {6} 31. fxg3 {4} Nd6 {26} 32. Qg4+ {
23} Kh8 {75} 33. Qf4 {11} Rd7 {6} 34. Qh4+ {105} Kg8 35. Qg4+ {6} Rg7 {1} 36.
Qe6+ {4} Nf7 {1} 37. d6 {98} 1-0

[Event "Top 16 Groupe B"]
[Site "Chartres, France"]
[Date "2024.06.02"]
[Round "4.29"]
[White "Shchekachev, Andrei"]
[Black "Sokolov, Andrei"]
[Result "1/2-1/2"]
[WhiteElo "2492"]
[BlackElo "2460"]
[PlyCount "25"]
[EventDate "2024.??.??"]

1. Nf3 {6} Nf6 {18} 2. c4 {16} e6 {121} 3. Nc3 {183} b6 {438} 4. d4 {513} Bb7 {
278} 5. a3 {88} d5 {94} 6. Bg5 {277} Nbd7 {91} 7. cxd5 {130} exd5 {73} 8. g3 {
149} Be7 {313} 9. Bg2 {46} O-O {232} 10. O-O {42} Ne4 {38} 11. Bxe7 {321} Qxe7
{44} 12. Rc1 {8} Ndf6 {651} 13. e3 {341} 1/2-1/2

[Event "Top 16 Groupe B"]
[Site "Chartres, France"]
[Date "2024.06.02"]
[Round "4.30"]
[White "Rakotomaharo, Fy Antenaina"]
[Black "Abergel, Thal"]
[Result "1-0"]
[WhiteElo "2448"]
[BlackElo "2390"]
[PlyCount "55"]
[EventDate "2024.??.??"]

1. e4 {8} d5 {11} 2. exd5 {17} Qxd5 {5} 3. Nc3 {7} Qd8 {5} 4. d4 {30} Nf6 {26}
5. Nf3 {205} g6 {19} 6. Bg5 {125} Bg7 {11} 7. Qd2 {5} h6 {203} 8. Bh4 {344} a6
{84} 9. Bc4 {136} e6 {191} 10. O-O-O {955} b5 {132} 11. Bb3 {4} O-O {691} 12.
Ne5 {165} Bb7 {42} 13. Rhe1 {287} Bxg2 {655} 14. f4 {689} Bh3 {125} 15. d5 {152
} b4 {219} 16. Qe3 {123} bxc3 {607} 17. dxe6 {60} cxb2+ {37} 18. Kb1 {15} Bxe6
{783} 19. Rxd8 {10} Rxd8 {8} 20. Nxf7 {25} Bxf7 {137} 21. Bxf7+ {8} Kh8 {13}
22. Bxf6 {99} Bxf6 {10} 23. Qe4 {3} Nd7 {43} 24. Qxg6 {9} Bg7 {8} 25. Rg1 {7}
Rg8 {4} 26. Bxg8 {60} Rxg8 {6} 27. Qf7 {32} Nb6 {6} 28. f5 {25} 1-0

[Event "Top 16 Groupe B"]
[Site "Chartres, France"]
[Date "2024.06.02"]
[Round "4.31"]
[White "Kuhn, Clement"]
[Black "Gatineau, Yovann"]
[Result "0-1"]
[WhiteElo "2350"]
[BlackElo "2407"]
[PlyCount "74"]
[EventDate "2024.??.??"]

1. e4 e6 {186} 2. d4 {17} d5 {6} 3. Nd2 {6} c5 {12} 4. exd5 {5} exd5 {10} 5.
Ngf3 {20} a6 {14} 6. Be2 {54} Nc6 {398} 7. O-O {90} cxd4 {66} 8. Re1 {132} Be7
{48} 9. Nb3 {7} Nf6 {18} 10. Nbxd4 {320} O-O {32} 11. c3 {53} Re8 {600} 12. Be3
{725} Ne4 {377} 13. Qc2 {265} Bd6 {175} 14. Rad1 {291} Qf6 {398} 15. Qb3 {451}
Ne7 {700} 16. Qa4 {347} Bg4 {216} 17. h3 {162} b5 {412} 18. Qc2 {355} Bd7 {209}
19. Bd3 {351} Qg6 {464} 20. Nh4 {833} Qf6 {293} 21. Nhf3 {56} Qg6 {312} 22. Nh4
{4} Qh5 {41} 23. Bxe4 {223} dxe4 {575} 24. Qxe4 {131} Ng6 {103} 25. Qb7 {33}
Bxh3 {69} 26. Nxg6 {104} Qxg6 {47} 27. Qd5 {647} Rad8 {48} 28. Bg5 {198} Rxe1+
{395} 29. Rxe1 {2} Rf8 {45} 30. gxh3 {193} Bf4 {16} 31. h4 {40} h6 {3} 32. Ne6
{139} Re8 {71} 33. h5 {116} Qxh5 {19} 34. Qd4 {41} Qh2+ {27} 35. Kf1 Qh1+ {12}
36. Ke2 {5} Rxe6+ {5} 37. Kd3 {16} Qxe1 {35} 0-1

[Event "Top 16 Groupe B"]
[Site "Chartres, France"]
[Date "2024.06.02"]
[Round "4.32"]
[White "Navrotescu, Andreea"]
[Black "Aflalo, Sophie"]
[Result "0-1"]
[WhiteElo "2220"]
[BlackElo "2136"]
[PlyCount "64"]
[EventDate "2024.??.??"]

1. c4 {3} g6 {283} 2. g3 {40} Bg7 {36} 3. Bg2 {9} e5 {28} 4. Nc3 {34} f5 {418}
5. h4 {678} Nf6 {98} 6. Nf3 {344} d6 {345} 7. d4 {46} e4 {43} 8. Ng5 {47} O-O {
516} 9. Nh3 {595} Nc6 {552} 10. Nf4 {722} a6 {187} 11. a3 {157} Na5 {113} 12.
b4 {98} Nxc4 {142} 13. Qb3 {17} b5 {307} 14. a4 {169} Bd7 {73} 15. f3 {700} c6
{297} 16. h5 {608} Nxh5 {208} 17. Nxh5 {251} gxh5 {6} 18. fxe4 {209} Bxd4 {68}
19. exf5 {460} Rxf5 {608} 20. axb5 {101} Be6 {822} 21. Bf4 {608} Rxf4 {322} 22.
gxf4 {17} Qf6 {33} 23. Ne4 {43} Qg6 {170} 24. Ng5 {145} Bxa1 {118} 25. Be4 Qf6
{133} 26. Bxh7+ {62} Kg7 {94} 27. Be4 {34} Bc3+ {46} 28. Kf2 {17} Qxf4+ {16}
29. Bf3 {46} Bd4+ {20} 30. Ke1 {29} Qc1+ {48} 31. Qd1 {9} Qc3+ {9} 32. Kf1 {32}
Ne3+ {4} 0-1

[Event "Top 16 Groupe B"]
[Site "Chartres, France"]
[Date "2024.06.03"]
[Round "5.1"]
[White "Narayanan S L"]
[Black "Gavrilescu, David"]
[Result "1/2-1/2"]
[WhiteElo "2695"]
[BlackElo "2538"]
[PlyCount "71"]
[EventDate "2024.??.??"]

1. d4 {230} Nf6 {29} 2. c4 {6} e6 {28} 3. Nc3 {9} Bb4 {31} 4. e3 {13} O-O {37}
5. Bd3 {6} d5 {44} 6. a3 {9} Bxc3+ {39} 7. bxc3 {6} dxc4 {16} 8. Bxc4 {7} c5 {
22} 9. Nf3 {10} Qc7 {47} 10. Be2 {10} b6 {74} 11. Bb2 {74} cxd4 {96} 12. cxd4 {
13} Ba6 {6} 13. O-O {301} Bxe2 {43} 14. Qxe2 {5} Nbd7 {7} 15. e4 {24} Rfc8 {6}
16. Rfc1 {15} Qb7 {6} 17. Re1 {7} b5 {4} 18. Rab1 {73} a5 {633} 19. d5 {1441}
exd5 {123} 20. e5 {73} Ne4 {551} 21. Nd4 {97} Qb6 {515} 22. Qxb5 {1343} Qxb5 {
428} 23. Nxb5 {5} Rab8 {46} 24. Bd4 {47} Nd2 {700} 25. Rbd1 {12} Rxb5 {216} 26.
Rxd2 {13} Nf8 {18} 27. g3 {394} Ne6 {172} 28. Be3 {69} g5 {240} 29. a4 {177}
Rb4 {12} 30. Rxd5 {7} Rxa4 {9} 31. Rb1 {61} Kg7 {616} 32. Rd7 {125} Rb4 {78}
33. Rxb4 {246} axb4 {6} 34. Rb7 {5} Rc4 {72} 35. Bd2 {352} Kg6 {254} 36. Kg2 {
89} 1/2-1/2

[Event "Top 16 Groupe B"]
[Site "Chartres, France"]
[Date "2024.06.03"]
[Round "5.2"]
[White "Miron, Lucian-Costin"]
[Black "Bluebaum, Matthias"]
[Result "1/2-1/2"]
[WhiteElo "2479"]
[BlackElo "2647"]
[PlyCount "40"]
[EventDate "2024.??.??"]

1. e4 {2} c6 {29} 2. d4 {6} d5 {4} 3. e5 {4} Bf5 {11} 4. h4 {8} h5 {39} 5. Bd3
{14} Bxd3 {11} 6. Qxd3 {5} Qa5+ {20} 7. Nd2 {9} e6 {13} 8. Ngf3 {5} Nh6 {112}
9. O-O {69} Nf5 {7} 10. c3 {253} Be7 {366} 11. g3 {73} Qa6 {161} 12. Qc2 {24}
c5 {208} 13. dxc5 {408} Bxc5 {43} 14. Nb3 {423} Nxg3 {1326} 15. Nxc5 {919}
Qxf1+ {16} 16. Kh2 {3} Qc4 {1110} 17. Nxe6 {401} Nf1+ {1592} 18. Kh1 {269} Ng3+
{14} 19. Kh2 {1695} Nf1+ {258} 20. Kh1 {27} Ng3+ {301} 1/2-1/2

[Event "Top 16 Groupe B"]
[Site "Chartres, France"]
[Date "2024.06.03"]
[Round "5.3"]
[White "Nihal Sarin"]
[Black "Nijboer, Friso"]
[Result "1/2-1/2"]
[WhiteElo "2680"]
[BlackElo "2471"]
[PlyCount "101"]
[EventDate "2024.??.??"]

1. d4 {283} f5 {9} 2. g3 {182} Nf6 {13} 3. Bg2 {32} g6 {7} 4. Nh3 {390} Bg7 {
433} 5. O-O {81} Nc6 {240} 6. c4 {270} O-O {583} 7. Nc3 {1000} e6 {125} 8. d5 {
187} Ne5 {107} 9. Qb3 {27} Nf7 {680} 10. Ng5 {623} Qe7 {778} 11. Rd1 {376} Nxg5
{886} 12. Bxg5 {143} d6 {53} 13. dxe6 {297} c6 {55} 14. Rd2 {1229} Bxe6 {86}
15. Rad1 h6 {972} 16. Bf4 {70} Qf7 {346} 17. Bxd6 {204} Bxc4 {131} 18. Qc2 {4}
Rfe8 {36} 19. b3 {6} Be6 {36} 20. Bc5 {5} b6 {248} 21. Bd4 {24} Rac8 {4} 22. e3
{5} Red8 {166} 23. Be5 {165} Rxd2 {42} 24. Rxd2 {9} c5 {28} 25. Qb2 {248} Nd7 {
86} 26. Bxg7 {7} Qxg7 {3} 27. Rd6 {20} Nf8 {19} 28. Qd2 {7} Qe7 {43} 29. Nd5 {
99} Bxd5 {5} 30. Bxd5+ {5} Kh7 {6} 31. Bc4 {36} h5 {28} 32. Qd5 {24} Rc7 {80}
33. Rd8 {40} Kh6 {20} 34. Bb5 {155} Nh7 {27} 35. h4 {67} Nf6 {26} 36. Qa8 {5}
Kg7 {14} 37. a4 {40} a6 {80} 38. Bf1 {122} Ra7 {6} 39. Qb8 {9} Rb7 {12} 40. Qd6
{8} Qxd6 {46} 41. Rxd6 {2} Ne4 {30} 42. Rd5 {567} b5 {481} 43. axb5 {85} axb5 {
27} 44. f3 {7} Nxg3 {80} 45. Rxc5 {25} f4 {367} 46. e4 {551} b4 {478} 47. Bc4 {
257} Ra7 {9} 48. Rb5 {26} Ra1+ {11} 49. Kg2 {4} Ra2+ {8} 50. Kg1 {4} Ra1+ {3}
51. Kg2 {4} 1/2-1/2